Sobre el infinito universo y los mundos
Guardado en:
| Autor principal: | |
|---|---|
| Formato: | Libro |
| Lenguaje: | español |
| Publicado: |
Buenos Aires
Hyspamerica
1984
|
| Edición: | 1a. ed |
| Colección: | Historia del Pensamiento, 15
|
| Materias: | |
| Etiquetas: |
Agregar Etiqueta
Sin Etiquetas, Sea el primero en etiquetar este registro!
|
MARC
| LEADER | 00000cam a2200000 a 4500 | ||
|---|---|---|---|
| 001 | UCN0531 | ||
| 003 | CL-VaPUC | ||
| 008 | 010323e19840000AG |||||||||||||||||spa|d | ||
| 082 | 0 | 4 | |a 195 |b BRU |2 21 |
| 100 | |a Bruno, Giordano |e author |9 319314 | ||
| 245 | 1 | 0 | |a Sobre el infinito universo y los mundos |
| 250 | |a 1a. ed | ||
| 300 | |a 189 p | ||
| 942 | |c BK | ||
| 945 | |d 20010323 00:00:00 |a vberengu | ||
| 260 | |a Buenos Aires |b Hyspamerica |c 1984 | ||
| 650 | 0 | |a Filosofía italiana |9 265241 | |
| 650 | 0 | |a Filosofía renacentista |9 268121 | |
| 650 | 0 | |a Diálogos |9 257026 | |
| 583 | |a last modification |c 20170327 09:37:08 |k Rodrigo Vera | ||
| 490 | 0 | |a Historia del Pensamiento, 15 | |
| 999 | |c 294278 |d 294276 | ||
| 952 | |0 0 |1 0 |3 erd |4 0 |6 195_000000000000000_BRU_1984 |7 0 |8 A |9 346419 |a BIBART |b BIBART |i 5239729 |o 195 BRU 1984 |p 5239729 |r 2025-03-13 |w 2019-11-20 |y BK |z Catalogado en:20170331 |k ART | ||